| 000 | 00374nam a2200145Ia 4500 | ||
|---|---|---|---|
| 008 | 210210b1977 xxu||||| |||| 00| 0 eng d | ||
| 082 | _a346.082 BANK | ||
| 100 | _a- | ||
| 245 | _aBanking regulation act, 1949: bare act with short notes. | ||
| 260 |
_aAllahabad _bAllahabad Law Agency _c1977 |
||
| 300 | _aiv,97 | ||
| 650 | _abare act | ||
| 690 | _aLaw | ||
| 906 | _aSG01173 | ||
| 999 |
_c112759 _d112759 |
||